00464cam a22001812 4500001001100000005001700011008004100028020001700069040001500086100003100101245005100132250001200183260002900195300001700224650003500241852000300276852000300279000002545320151217154546.0150924s xx 000 0 eng d a1854318942 : aKABUcKABU1 aDixon, Martin.@000018022110aTextbook on international law /cMartin Dixon. a7th ed. aLondon :bO.U.P.,c2013. axxxii, 393p. 0aInternational law.@00001586961 1